Lecturas de macroeconomía y política económica (Registro nro. 3280)
[ vista simple ]
| 000 -LEADER | |
|---|---|
| fixed length control field | 01506 a2200337 4500 |
| 001 - CONTROL NUMBER | |
| control field | 40639 |
| 005 - DATE AND TIME OF LATEST TRANSACTION | |
| control field | 20260407155702.0 |
| 008 - FIXED-LENGTH DATA ELEMENTS--GENERAL INFORMATION | |
| fixed length control field | 260407a1997 arg spa d |
| 003 - CONTROL NUMBER IDENTIFIER | |
| control field | AR-UNSa-BCEJYS |
| 040 ## - CATALOGING SOURCE | |
| Original cataloging agency | AR-UNSa-BCEJYS |
| Language of cataloging | spa |
| Transcribing agency | AR-UNSa-BCEJYS |
| 080 ## - UNIVERSAL DECIMAL CLASSIFICATION NUMBER | |
| Universal Decimal Classification number | 330.101.541 |
| Common auxiliary subdivision | Macroeconomía |
| 020 ## - INTERNATIONAL STANDARD BOOK NUMBER | |
| International Standard Book Number | 950-537-409-7 |
| 041 ## - LANGUAGE CODE | |
| Language code of text/sound track or separate title | spa |
| 100 1# - MAIN ENTRY--PERSONAL NAME | |
| Personal name | Ferrucci, Ricardo Jorge |
| 245 10 - TITLE STATEMENT | |
| Title | Lecturas de macroeconomía y política económica |
| 264 #1 - PRODUCTION, PUBLICATION, DISTRIBUTION, MANUFACTURE, AND COPYRIGHT NOTICE | |
| Place of production, publication, distribution, manufacture | Buenos Aires : |
| Name of producer, publisher, distributor, manufacturer | Ediciones Macchi |
| Date of production, publication, distribution, manufacture, or copyright notice | 1997 |
| 300 ## - PHYSICAL DESCRIPTION | |
| Extent | xx, 314 p. |
| Dimensions | 22 cm. |
| 505 ## - FORMATTED CONTENTS NOTE | |
| Formatted contents note | 1. Aspectos generales de la macroeconomía - 2. La contabilidad nacional - 3. El sector público - 4. Los hechos e ideas económicos y sociales, y el rol del estado en la economía - 5. El sector monetario y financiero - 6. El sector externo - 7. Acerca del análisis teórico del comercio internacional - 8. El equilibrio general - 9. Problemas de política económica - 10. Los interrogantes de la política económica argentina en los '90 - 11. El plan de convertibilidad |
| 590 ## - LOCAL NOTE (RLIN) | |
| Local note | niveau_biblio:m niveau_hierar:0 |
| 700 1# - ADDED ENTRY--PERSONAL NAME | |
| Personal name | Levy, Rafael |
| 700 1# - ADDED ENTRY--PERSONAL NAME | |
| Personal name | Villadeamigo, José D. |
| 700 1# - ADDED ENTRY--PERSONAL NAME | |
| Personal name | Figueroa, Alejandro C. |
| 700 1# - ADDED ENTRY--PERSONAL NAME | |
| Personal name | Singerman, Pablo A. |
| 700 1# - ADDED ENTRY--PERSONAL NAME | |
| Personal name | Suárez, Luis Alberto |
| 700 1# - ADDED ENTRY--PERSONAL NAME | |
| Personal name | Rosignuolo, Lidia |
| 700 1# - ADDED ENTRY--PERSONAL NAME | |
| Personal name | Glembocki, Samuel |
| 700 1# - ADDED ENTRY--PERSONAL NAME | |
| Personal name | Juretic, Anahí |
| 700 1# - ADDED ENTRY--PERSONAL NAME | |
| Personal name | Hirsch Treves, Hernán |
| 856 41 - ELECTRONIC LOCATION AND ACCESS | |
| Uniform Resource Identifier | <a href="https://biblioeco.unsa.edu.ar/pmb/images/libros/L85581.jpg">https://biblioeco.unsa.edu.ar/pmb/images/libros/L85581.jpg</a> |
| Link text | Imagen de portada |
| Electronic format type | image/jpeg |
| 942 ## - ADDED ENTRY ELEMENTS (KOHA) | |
| Koha item type | |
| Withdrawn status | Lost status | Damaged status | Not for loan | Home library | Current library | Shelving location | Date acquired | Total checkouts | Full call number | Barcode | Date last seen | Price effective from | Koha item type |
|---|---|---|---|---|---|---|---|---|---|---|---|---|---|
| Biblioteca Prof. Eusebio Cleto del Rey | Biblioteca Prof. Eusebio Cleto del Rey | 07/04/2026 | 330.101.541 F398 | L85581 | 07/04/2026 | 07/04/2026 | Libro | ||||||
| Biblioteca Prof. Eusebio Cleto del Rey | Biblioteca Prof. Eusebio Cleto del Rey | 07/04/2026 | 330.101.541 F398 | L87333 | 07/04/2026 | 07/04/2026 | Libro |